Une formule originale de tourisme social les gites ruraux

Αποθηκεύτηκε σε:
Λεπτομέρειες βιβλιογραφικής εγγραφής
Κύριος συγγραφέας: Chadefaud, Michel
Μορφή: Βιβλίο
Γλώσσα:French
Δημοσίευση: Paris : Centre des hautes etudes touristiques, 1968
Σειρά:Cahiers du tourisme. Serie A ; ; 10
Θέματα:
Ετικέτες: Προσθήκη ετικέτας
Δεν υπάρχουν, Καταχωρήστε ετικέτα πρώτοι!

MARC

LEADER 00000nam a2200000 i 4500
001 1/19352
008 960625s1968 fre d
035 |l 10021243 
040 |a GR-MY-UA  |b gre  |e aacr 
041 0 |a fre 
082 0 |a 338.4791 
100 1 |a Chadefaud, Michel. 
245 1 4 |a Une formule originale de tourisme social les gites ruraux /  |c Michel Chadefaud 
260 |a Paris :   |b Centre des hautes etudes touristiques,   |c 1968 
490 1 |a Cahiers du tourisme. Serie A  |v ; 10 
650 0 0 |a Tourism. 
830 0 |a Cahiers du tourisme. Serie A ;  |v ; 10 
852 |a INST  |b CHIOS  |e 19960625  |h 338.4791 CHA  |p 005200007503  |q 005200007503  |t BK  |y 0 
909 |a Χ  |b 037767